TERAPIA SUBAKÚTNEJ KAPAVKY DIONINOM A MLIEKOM

Bibliographic Details
Main Author: Tréger, Ján, 1894-1957 (Author)
Format: Article
Language:Slovak

MARC

LEADER 00000nab a2200000ua 4500
001 vtls010770618
003 SK-MaSNL
005 20260303123351.0
008 230214s xo |||||||||||||||||slo|
035 |a (urnnbn)urn:nbn:sk:snk:ar-a037jl 
035 |a (uuid)fc3c8329-f49a-42de-b563-be34db3e1ce3 
035 |a urn:nbn:sk:snk-ab5463 
040 |a SNKBUCL  |b slo  |c SNKBUCL  |e AACR2 
041 0 |a slo 
044 |a xo  |c SK 
100 1 |a Tréger, Ján,  |d 1894-1957  |4 aut  |9 120201 
245 1 0 |a TERAPIA SUBAKÚTNEJ KAPAVKY DIONINOM A MLIEKOM  |c Ján Tréger 
773 0 |t Bratislavské lekárske listy  |g Roč. 4, č. 9 (1924-1925), s. 450-452 
954 |a odborná, vedecká literatúra pôvodná (slovenská)  |2 lita 
958 |a OND 
958 |a EUIPO 
958 |a article3 
999 |c 1925476  |d 1927406